[Event "Chiang Mai op 20th"]
[Site "Chiangmai"]
[Date "2022.10.26"]
[Round "5.8"]
[White "Bach, Ngoc Thuy Duong"]
[Black "Zhao, Zong Yuan"]
[Result "1/2-1/2"]
[WhiteElo "2164"]
[BlackElo "2510"]
[PlyCount "132"]
[EventDate "2022.10.22"]
[EventType "swiss"]
[EventRounds "9"]
[EventCountry "THA"]
[SourceTitle "EXT 2024"]
[Source "ChessBase"]
[SourceDate "2023.10.10"]
[SourceVersion "1"]
[SourceVersionDate "2023.10.10"]
[SourceQuality "1"]

1. d4 d5 2. c4 e6 3. Nc3 Be7 4. cxd5 exd5 5. Bf4 c6 6. e3 Bf5 7. Nf3 Nd7 8. Bd3 Bxd3 9. Qxd3 Ngf6 10. h3 0-0 11. 0-0 a5 12. Qc2 Nb6 13. a4 Re8 14. Ne5 Nfd7 15. Nd3 Nc4 16. b3 Nd6 17. Nc5 Qc8 18. Rac1 Bf8 19. Nd3 Ne4 20. f3 Nxc3 21. Qxc3 g6 22. Rfe1 Qd8 23. Kh1 Bg7 24. Qc2 Re6 25. Rcd1 Qe7 26. Qd2 Bf6 27. Nf2 Bh4 28. g3 Bg5 29. e4 Bxf4 30. Qxf4 Re8 31. Qc7 dxe4 32. fxe4 Nf6 33. Qxe7 R6xe7 34. e5 Nd5 35. Ne4 f6 36. Nd6 Rd8 37. Nc4 fxe5 38. Rxe5 Rf7 39. Nxa5 Ra8 40. b4 Nxb4 41. Nc4 Rxa4 42. Re8+ Rf8 43. Rxf8+ Kxf8 44. Ne5 Ke7 45. Rf1 Nc2 46. Rf7+ Ke6 47. Rxh7 Nxd4 48. Nxg6 b5 49. Nf4+ Kf5 50. Re7 Ra1+ 51. Kg2 Ra2+ 52. Kf1 c5 53. Ne2 Nxe2 54. Rxe2 Ra3 55. Kg2 b4 56. g4+ Kf4 57. Rf2+ Ke4 58. g5 b3 59. h4 Ra2 60. g6 Rxf2+ 61. Kxf2 b2 62. g7 b1Q 63. g8Q Qb2+ 64. Ke1 Qc1+ 65. Ke2 Qc2+ 66. Ke1 Qc1+ 1/2-1/2

[Event "Olympiad-44"]
[Site "Chennai"]
[Date "2022.08.05"]
[Round "7.4"]
[White "Zhao, Zong Yuan"]
[Black "Mousavi, Seyed Khalil"]
[Result "0-1"]
[WhiteElo "2513"]
[BlackElo "2537"]
[PlyCount "96"]
[EventDate "2022.07.29"]
[EventType "team-swiss"]
[EventRounds "11"]
[EventCountry "IND"]
[SourceTitle "CBM 210"]
[Source "ChessBase"]
[SourceDate "2022.10.31"]
[SourceVersion "1"]
[SourceVersionDate "2022.10.31"]
[SourceQuality "1"]
[WhiteTeam "Australia"]
[BlackTeam "Iran"]
[WhiteTeamCountry "AUS"]
[BlackTeamCountry "IRI"]

1. d4 Nf6 2. c4 e6 3. Nf3 Bb4+ 4. Nbd2 0-0 5. a3 Be7 6. e3 d5 7. b4 b6 8. Bb2 Bb7 9. c5 Ne4 10. Be2 f5 11. Ne5 Nc6 12. Ndf3 bxc5 13. dxc5 a5 14. Nxc6 Bxc6 15. Ne5 Qe8 16. f3 Ng5 17. Nxc6 Qxc6 18. Bd4 Nf7 19. b5 Qd7 20. Rc1 e5 21. Bb2 Bg5 22. Qd2 f4 23. e4 Bh4+ 24. Kd1 d4 25. Bc4 Kh8 26. a4 Be7 27. Bd5 Rab8 28. Qxa5 Nd8 29. Qa7 Ne6 30. Ba3 d3 31. Rc3 Nd4 32. Rxd3 Qc8 33. Kd2 Bh4 34. Rxd4 exd4 35. c6 Bf2 36. Qc5 Rf6 37. Rf1 Be3+ 38. Kd3 Rg6 39. Qc2 Qd8 40. Bc5 Rg5 41. Qa2 Qf6 42. Rc1 Bxc1 43. a5 Rxb5 44. Qc4 Rb1 45. Bxd4 Qd6 46. Bc5 Qd8 47. a6 Rxg2 48. a7 Rd2+ 0-1

[Event "Gold Coast op"]
[Site "Gold Coast"]
[Date "2022.06.26"]
[Round "6"]
[White "Solomon, Stephen J"]
[Black "Zhao, Zong Yuan"]
[Result "1/2-1/2"]
[WhiteElo "2276"]
[BlackElo "2532"]
[PlyCount "110"]
[EventDate "2022.06.23"]
[EventType "swiss"]
[EventRounds "9"]
[EventCountry "AUS"]
[SourceTitle "CBM 209 Extra"]
[Source "ChessBase"]
[SourceDate "2022.09.30"]
[SourceVersion "1"]
[SourceVersionDate "2022.09.30"]
[SourceQuality "1"]

1. e4 e5 2. Nf3 Nc6 3. Bb5 Nf6 4. 0-0 Nxe4 5. d4 Nd6 6. Bg5 Be7 7. Bxe7 Qxe7 8. Bxc6 dxc6 9. dxe5 Nf5 10. Qd2 Bd7 11. Nc3 0-0-0 12. Rfe1 Nh4 13. Nxh4 Qxh4 14. Qe3 Kb8 15. Ne4 Bf5 16. Qg5 Qxg5 17. Nxg5 Rd7 18. Re2 h6 19. Nf3 Rhd8 20. h3 c5 21. g4 Be6 22. Kg2 b5 23. Kg3 Kb7 24. a3 a5 25. Nh4 Rd2 26. Rxd2 Rxd2 27. Rc1 g6 28. Ng2 Kc6 29. Ne3 g5 30. f4 gxf4+ 31. Kxf4 Rf2+ 32. Kg3 Re2 33. Kf3 Rh2 34. h4 b4 35. h5 c4 36. axb4 axb4 37. Kg3 Re2 38. Kf3 Rh2 39. Re1 b3 40. cxb3 cxb3 41. Re2 Rh1 42. Kg3 Kd7 43. Rd2+ Ke7 44. Rd1 Rxd1 45. Nxd1 f6 46. exf6+ Kxf6 47. Kf4 c5 48. Nc3 c4 49. Ne4+ Kg7 50. g5 Bd5 51. Nc3 hxg5+ 52. Kxg5 Bf3 53. h6+ Kh7 54. Kf4 Bg2 55. Ke3 Kxh6 1/2-1/2

[Event "Gold Coast op"]
[Site "Gold Coast"]
[Date "2022.06.23"]
[Round "1"]
[White "Zhao, Zong Yuan"]
[Black "Brown, Joshua"]
[Result "1-0"]
[WhiteElo "2532"]
[BlackElo "1915"]
[PlyCount "55"]
[EventDate "2022.06.23"]
[EventType "swiss"]
[EventRounds "9"]
[EventCountry "AUS"]
[SourceTitle "CBM 209 Extra"]
[Source "ChessBase"]
[SourceDate "2022.09.30"]
[SourceVersion "1"]
[SourceVersionDate "2022.09.30"]
[SourceQuality "1"]

1. e4 c5 2. Nf3 Nc6 3. Bb5 g6 4. Bxc6 dxc6 5. d3 Bg7 6. 0-0 Nf6 7. h3 0-0 8. Nc3 Re8 9. Be3 b6 10. Qd2 e5 11. Nh2 Be6 12. f4 exf4 13. Bxf4 Nh5 14. Be3 Qc7 15. Nf3 Rad8 16. Bh6 Bh8 17. Rae1 Be5 18. Nxe5 Qxe5 19. Rf3 Bc8 20. g4 Ng7 21. Ref1 Rf8 22. Bg5 Rd6 23. Kh1 h5 24. Bf4 Qe7 25. Bxd6 Qxd6 26. Qg5 c4 27. e5 Ne6 28. Qh6 1-0

[Event "Online Olym Div Top-A"]
[Site "Chess.com INT"]
[Date "2021.09.09"]
[Round "6.5"]
[White "Zhao, Zong Yuan"]
[Black "Gabuzyan, Hovhannes"]
[Result "1-0"]
[WhiteElo "2525"]
[BlackElo "2583"]
[PlyCount "59"]
[EventDate "2021.09.08"]
[EventType "team (rapid)"]
[EventRounds "9"]
[EventCountry "USA"]
[SourceTitle "CBM 204 Extra"]
[Source "ChessBase"]
[SourceDate "2021.11.30"]
[SourceVersion "1"]
[SourceVersionDate "2021.11.30"]
[SourceQuality "1"]
[WhiteTeam "Australia"]
[BlackTeam "Armenia"]
[WhiteTeamCountry "AUS"]
[BlackTeamCountry "ARM"]

1. d4 Nf6 2. Nf3 g6 3. Bf4 Bg7 4. e3 0-0 5. Be2 d6 6. 0-0 Nfd7 7. c4 e5 8. Bg5 f6 9. Bh4 Nc6 10. Nc3 g5 11. Bg3 f5 12. dxe5 dxe5 13. h3 e4 14. Nd2 Bxc3 15. bxc3 f4 16. exf4 gxf4 17. Bh2 Qe7 18. Re1 Nc5 19. Nb3 Be6 20. Bg4 Bxc4 21. Nxc5 Qxc5 22. Rxe4 Ne5 23. Bxf4 Rad8 24. Rxe5 Rxd1+ 25. Rxd1 Qa3 26. Rg5+ Kf7 27. Rd7+ Kf6 28. h4 Re8 29. Rf5+ Ke6 30. Rff7# 1-0

[Event "Online Olym Div Top-A"]
[Site "Chess.com INT"]
[Date "2021.09.08"]
[Round "2.3"]
[White "Zhao, Zong Yuan"]
[Black "Pavlidis, Antonios"]
[Result "0-1"]
[WhiteElo "2525"]
[BlackElo "2536"]
[PlyCount "78"]
[EventDate "2021.09.08"]
[EventType "team (rapid)"]
[EventRounds "9"]
[EventCountry "USA"]
[SourceTitle "CBM 204 Extra"]
[Source "ChessBase"]
[SourceDate "2021.11.30"]
[SourceVersion "1"]
[SourceVersionDate "2021.11.30"]
[SourceQuality "1"]
[WhiteTeam "Australia"]
[BlackTeam "Greece"]
[WhiteTeamCountry "AUS"]
[BlackTeamCountry "GRE"]

1. d4 Nf6 2. Nf3 d5 3. Bf4 c6 4. e3 Bf5 5. Bd3 Bxd3 6. Qxd3 e6 7. 0-0 Bd6 8. Bxd6 Qxd6 9. Nbd2 0-0 10. e4 dxe4 11. Nxe4 Nxe4 12. Qxe4 Nd7 13. c3 a5 14. a4 h6 15. Rfe1 b5 16. Ne5 Rfc8 17. Qf3 Nf6 18. h4 b4 19. Nd3 bxc3 20. bxc3 Rab8 21. Rab1 Qd5 22. Qxd5 Nxd5 23. c4 Rxb1 24. Rxb1 Nc3 25. Rb7 Nxa4 26. Ne5 Nc3 27. Kf1 a4 28. Ra7 h5 29. Ke1 f6 30. Nd7 Rd8 31. f3 a3 32. Kd2 Nb1+ 33. Kd3 a2 34. Nb6 c5 35. d5 Rb8 36. Nd7 Rb3+ 37. Kc2 Na3+ 38. Kxb3 a1Q 39. Rxa3 Qb1+ 0-1

[Event "Online Olym Div2 A"]
[Site "Chess.com INT"]
[Date "2021.09.04"]
[Round "7.3"]
[White "O'Donnell, Conor"]
[Black "Zhao, Zong Yuan"]
[Result "0-1"]
[WhiteElo "2303"]
[BlackElo "2525"]
[PlyCount "114"]
[EventDate "2021.09.02"]
[EventType "team (rapid)"]
[EventRounds "9"]
[EventCountry "USA"]
[SourceTitle "CBM 204 Extra"]
[Source "ChessBase"]
[SourceDate "2021.11.30"]
[SourceVersion "1"]
[SourceVersionDate "2021.11.30"]
[SourceQuality "1"]
[WhiteTeam "Ireland"]
[BlackTeam "Australia"]
[WhiteTeamCountry "IRL"]
[BlackTeamCountry "AUS"]

1. d4 Nf6 2. c4 e6 3. Nc3 Bb4 4. Qc2 c5 5. dxc5 0-0 6. Nf3 Na6 7. g3 Nxc5 8. Bg2 b6 9. 0-0 Bb7 10. Nb5 Be4 11. Qd1 Nb7 12. Bf4 a6 13. Nd6 Nxd6 14. Bxd6 Bxd6 15. Qxd6 Rc8 16. Ne5 b5 17. cxb5 Bxg2 18. Kxg2 axb5 19. Rac1 Rxc1 20. Rxc1 Qa8+ 21. f3 Qxa2 22. Rc2 Qa7 23. Rd2 h6 24. Nxd7 Nxd7 25. Qxd7 Qxd7 26. Rxd7 Rc8 27. Rd2 Rc4 28. e4 g5 29. g4 Kg7 30. Kf2 Kf6 31. Ke3 Rb4 32. Rc2 Rb3+ 33. Kf2 Ke5 34. Kg3 b4 35. h3 Kd4 36. Rc7 Rxb2 37. Rxf7 b3 38. Re7 Rb1 39. Rb7 e5 40. Kg2 Ke3 41. Rb6 Rb2+ 42. Kg3 Rb1 43. Kg2 Kd2 44. Rxh6 Rd1 45. Rb6 Kc2 46. Rc6+ Kd2 47. Rb6 Kc2 48. Rc6+ Kb1 49. Rb6 b2 50. h4 gxh4 51. Kh3 Rd3 52. Kxh4 Rxf3 53. g5 Rf4+ 54. Kh5 Rxe4 55. g6 Re2 56. Kg5 Kc1 57. g7 b1Q 0-1

[Event "Online Olym Div2 A"]
[Site "Chess.com INT"]
[Date "2021.09.03"]
[Round "5.2"]
[White "Zhao, Zong Yuan"]
[Black "Hsu, Li Yang"]
[Result "1/2-1/2"]
[WhiteElo "2525"]
[BlackElo "2427"]
[PlyCount "62"]
[EventDate "2021.09.02"]
[EventType "team (rapid)"]
[EventRounds "9"]
[EventCountry "USA"]
[SourceTitle "CBM 204 Extra"]
[Source "ChessBase"]
[SourceDate "2021.11.30"]
[SourceVersion "1"]
[SourceVersionDate "2021.11.30"]
[SourceQuality "1"]
[WhiteTeam "Australia"]
[BlackTeam "Singapore"]
[WhiteTeamCountry "AUS"]
[BlackTeamCountry "SIN"]

1. e4 e6 2. d4 d5 3. e5 c5 4. c3 Nc6 5. Nf3 Bd7 6. Be2 Nge7 7. Na3 Nf5 8. Nc2 Be7 9. 0-0 0-0 10. Bd3 cxd4 11. cxd4 f6 12. a3 fxe5 13. dxe5 Be8 14. h3 Bg6 15. b4 a6 16. g4 Nh4 17. Nxh4 Bxd3 18. Qxd3 Bxh4 19. f4 Qb6+ 20. Be3 Qb5 21. Rad1 Qxd3 22. Rxd3 Rac8 23. Bc5 Rf7 24. Ne3 Be7 25. Bxe7 Rxe7 26. h4 Rec7 27. h5 Ne7 28. f5 Rc3 29. Rfd1 Rxd3 30. Rxd3 Kf7 31. Kg2 g6 1/2-1/2

[Event "Begonia op 55th"]
[Site "Ballarat"]
[Date "2021.03.08"]
[Round "7"]
[White "Zhao, Zong Yuan"]
[Black "Fernandez, Daniel Howard"]
[Result "1/2-1/2"]
[WhiteElo "2524"]
[BlackElo "2466"]
[PlyCount "60"]
[EventDate "2021.03.06"]
[EventType "swiss"]
[EventRounds "7"]
[EventCountry "AUS"]
[SourceTitle "CBM 201 Extra"]
[Source "ChessBase"]
[SourceDate "2021.05.31"]
[SourceVersion "1"]
[SourceVersionDate "2021.05.31"]
[SourceQuality "1"]

1. e4 e5 2. Nf3 Nf6 3. Nxe5 d6 4. Nf3 Nxe4 5. Nc3 Nxc3 6. dxc3 Be7 7. Be3 Nd7 8. Qd2 Ne5 9. Be2 0-0 10. 0-0-0 Ng4 11. Bd3 Nxe3 12. Qxe3 c6 13. h4 Bg4 14. Rde1 Re8 15. Qf4 Bxf3 16. gxf3 d5 17. h5 Qd6 18. Qf5 Qh6+ 19. Kb1 Bc5 20. c4 Rxe1+ 21. Rxe1 g6 22. hxg6 hxg6 23. Qd7 Bxf2 24. Rf1 Bd4 25. cxd5 cxd5 26. Qxd5 Bf6 27. Qxb7 Qf8 28. Qc6 Qd8 29. Bc4 Rb8 30. Bb3 Qd4 1/2-1/2

[Event "Begonia op 55th"]
[Site "Ballarat"]
[Date "2021.03.07"]
[Round "4"]
[White "Solomon, Stephen J"]
[Black "Zhao, Zong Yuan"]
[Result "0-1"]
[WhiteElo "2309"]
[BlackElo "2524"]
[PlyCount "134"]
[EventDate "2021.03.06"]
[EventType "swiss"]
[EventRounds "7"]
[EventCountry "AUS"]
[SourceTitle "CBM 201 Extra"]
[Source "ChessBase"]
[SourceDate "2021.05.31"]
[SourceVersion "1"]
[SourceVersionDate "2021.05.31"]
[SourceQuality "1"]

1. e4 c5 2. Nf3 d6 3. d4 cxd4 4. Nxd4 Nf6 5. Nc3 Bd7 6. Bg5 e6 7. Qd3 a6 8. f4 h6 9. Bxf6 Qxf6 10. g3 Nc6 11. 0-0-0 Qxd4 12. Qxd4 Nxd4 13. Rxd4 g5 14. Be2 gxf4 15. gxf4 Rg8 16. Rd3 Bc6 17. Rg3 Rxg3 18. hxg3 Bg7 19. Bd3 b5 20. g4 Ke7 21. Ne2 Rg8 22. c3 Bf6 23. Rg1 e5 24. fxe5 Bxe5 25. Nd4 Bd7 26. Nf5+ Bxf5 27. exf5 h5 28. f6+ Ke6 29. c4 hxg4 30. cxb5 axb5 31. Bxb5 g3 32. Bf1 Kxf6 33. Bg2 Rc8+ 34. Kd2 Bxb2 35. Rf1+ Ke7 36. a4 Rc5 37. Rb1 Be5 38. Rb5 Rc4 39. Bd5 Rxa4 40. Rb7+ Kf6 41. Ke3 Rd4 42. Bf3 Kg6 43. Rb8 Rh4 44. Rg8+ Kf6 45. Bd5 Rd4 46. Bf3 Rb4 47. Bd5 Rb5 48. Bf3 Rb3+ 49. Ke2 Bf4 50. Bd5 Re3+ 51. Kf1 Re7 52. Kg2 Re2+ 53. Kf3 Rf2+ 54. Kg4 Be5 55. Kh3 Ke7 56. Bg2 f5 57. Ra8 f4 58. Ra3 Kf6 59. Rf3 Rd2 60. Ra3 Kg5 61. Rb3 Kf5 62. Ra3 d5 63. Rb3 Rxg2 64. Kxg2 Ke4 65. Ra3 d4 66. Rb3 d3 67. Rb4+ Ke3 0-1

[Event "Begonia op 55th"]
[Site "Ballarat"]
[Date "2021.03.06"]
[Round "2"]
[White "Ilic, Nicholas"]
[Black "Zhao, Zong Yuan"]
[Result "0-1"]
[WhiteElo "1991"]
[BlackElo "2524"]
[PlyCount "92"]
[EventDate "2021.03.06"]
[EventType "swiss"]
[EventRounds "7"]
[EventCountry "AUS"]
[SourceTitle "CBM 201 Extra"]
[Source "ChessBase"]
[SourceDate "2021.05.31"]
[SourceVersion "1"]
[SourceVersionDate "2021.05.31"]
[SourceQuality "1"]

1. e4 c5 2. b3 Nc6 3. Bb2 e5 4. f4 exf4 5. Nf3 Nf6 6. Nc3 Be7 7. e5 Nh5 8. Bc4 0-0 9. 0-0 d6 10. Nd5 Bg4 11. h3 Be6 12. Nxe7+ Qxe7 13. exd6 Qxd6 14. Ng5 Ng3 15. Nxe6 fxe6 16. Qg4 Nd4 17. Rf2 Ne4 18. Re1 Nxf2 19. Rxe6 Nxg4 20. Rxd6+ Kh8 21. Bxd4 cxd4 22. hxg4 Rad8 23. Rxd8 Rxd8 24. Kf2 g5 25. a4 a5 26. Bd3 Re8 27. Bb5 Re7 28. Bd3 Kg7 29. Bf5 Kf6 30. Bd3 Ke5 31. Ke2 Kd5+ 32. Kd1 Kc5 33. Bf5 Kb4 34. Bd3 b6 35. Bf5 Kc5 36. Bd3 Kd5 37. Bc4+ Ke5 38. Ke2 h5 39. gxh5 Rh7 40. Kf3 Rxh5 41. Ba6 Rh1 42. Bd3 Rh4 43. Ba6 g4+ 44. Kf2 Rh1 45. Be2 f3 46. Bf1 g3+ 0-1

[Event "Begonia op 54th"]
[Site "Ballarat"]
[Date "2020.03.09"]
[Round "7"]
[White "McClymont, Brodie"]
[Black "Zhao, Zong Yuan"]
[Result "0-1"]
[WhiteElo "2410"]
[BlackElo "2524"]
[PlyCount "102"]
[EventDate "2020.03.07"]
[EventType "swiss"]
[EventRounds "7"]
[EventCountry "AUS"]
[SourceTitle "CBM 195 Extra"]
[Source "ChessBase"]
[SourceDate "2020.05.31"]
[SourceVersion "1"]
[SourceVersionDate "2020.05.31"]
[SourceQuality "1"]

1. e4 c5 2. Nf3 Nc6 3. d4 cxd4 4. Nxd4 Nf6 5. Nc3 d6 6. Bg5 e6 7. Qd2 a6 8. 0-0-0 Bd7 9. f4 Be7 10. Nf3 b5 11. Bxf6 gxf6 12. Kb1 Qb6 13. f5 0-0-0 14. g3 Kb8 15. fxe6 fxe6 16. Bh3 Na5 17. Nd4 b4 18. Nce2 e5 19. Bxd7 Rxd7 20. Nf5 Nc4 21. Qd3 Rc8 22. Ka1 a5 23. b3 Na3 24. c4 a4 25. Kb2 Ra7 26. Nxe7 Rxe7 27. Rhf1 Rf7 28. Kc1 Nb5 29. Kd2 Nc7 30. Ke1 Rd8 31. bxa4 Na6 32. Rb1 Nc5 33. Qe3 Rb7 34. Nc1 Qa6 35. Nb3 Qxc4 36. Rxf6 Qxe4 37. Qxe4 Nxe4 38. Rh6 Nc3 39. Ra1 Nxa4 40. Na5 Rb6 41. Rb1 Rc8 42. Rxh7 Rc5 43. Nb3 Rc2 44. Rh8+ Ka7 45. Ra1 Rb2 46. Nd2 d5 47. Rd8 Nc3 48. h4 Rg6 49. Rc8 Rxg3 50. a3 Rg1+ 51. Nf1 Re2# 0-1

[Event "Begonia op 54th"]
[Site "Ballarat"]
[Date "2020.03.07"]
[Round "2"]
[White "Zhao, Zong Yuan"]
[Black "Davis, Timothy"]
[Result "1-0"]
[WhiteElo "2524"]
[BlackElo "1819"]
[PlyCount "69"]
[EventDate "2020.03.07"]
[EventType "swiss"]
[EventRounds "7"]
[EventCountry "AUS"]
[SourceTitle "CBM 195 Extra"]
[Source "ChessBase"]
[SourceDate "2020.05.31"]
[SourceVersion "1"]
[SourceVersionDate "2020.05.31"]
[SourceQuality "1"]

1. e4 c5 2. Nf3 e6 3. d4 cxd4 4. Nxd4 Nf6 5. Nc3 Nc6 6. Nxc6 bxc6 7. e5 Nd5 8. Ne4 Qa5+ 9. c3 Qc7 10. f4 Qb6 11. c4 Bb4+ 12. Ke2 f5 13. exf6 Nxf6 14. Be3 Qb8 15. Nxf6+ gxf6 16. Kf2 Bd6 17. Qh5+ Kd8 18. Qa5+ Ke7 19. Qd2 Qb4 20. Qxb4 Bxb4 21. c5 Rb8 22. Be2 Ba5 23. b3 Bc7 24. g4 a5 25. h4 e5 26. fxe5 Bxe5 27. Rad1 a4 28. Bc4 axb3 29. axb3 Rf8 30. Rhe1 Kd8 31. Bh6 Re8 32. g5 Ra8 33. Bg7 Ra2+ 34. Kf3 Kc7 35. Bxf6 1-0

[Event "Belt and Road Hunan op-A"]
[Site "Changsha"]
[Date "2019.07.30"]
[Round "2"]
[White "Chen, Qi B"]
[Black "Zhao, Zong Yuan"]
[Result "0-1"]
[WhiteElo "2414"]
[BlackElo "2529"]
[PlyCount "46"]
[EventDate "2019.07.29"]
[EventType "swiss"]
[EventRounds "9"]
[EventCountry "CHN"]
[SourceTitle "CBM 191 Extra"]
[Source "ChessBase"]
[SourceDate "2019.09.30"]
[SourceVersion "1"]
[SourceVersionDate "2019.09.30"]
[SourceQuality "1"]

1. e4 c5 2. Nf3 d6 3. d4 cxd4 4. Nxd4 Nf6 5. Nc3 Nc6 6. Bg5 e6 7. Qd2 a6 8. Nxc6 bxc6 9. 0-0-0 d5 10. Bc4 Be7 11. Bxf6 Bxf6 12. Bb3 0-0 13. Kb1 Rb8 14. f4 Qc7 15. Rhf1 a5 16. g4 Ba6 17. g5 Bxc3 18. Qxc3 Bxf1 19. Rxf1 Rb4 20. exd5 Rxf4 21. Rd1 Rd8 22. a3 a4 23. Ba2 Qd6 0-1

[Event "Gold Coast op"]
[Site "Gold Coast"]
[Date "2019.07.01"]
[Round "8"]
[White "McClymont, Brodie"]
[Black "Zhao, Zong Yuan"]
[Result "1/2-1/2"]
[WhiteElo "2311"]
[BlackElo "2529"]
[PlyCount "26"]
[EventDate "2019.06.27"]
[EventType "swiss"]
[EventRounds "9"]
[EventCountry "AUS"]
[SourceTitle "CBM 191 Extra"]
[Source "ChessBase"]
[SourceDate "2019.09.30"]
[SourceVersion "1"]
[SourceVersionDate "2019.09.30"]
[SourceQuality "1"]

1. e4 c6 2. d4 d5 3. e5 c5 4. dxc5 e6 5. a3 Bxc5 6. Qg4 g6 7. Bd3 Nc6 8. Nf3 Qc7 9. Qg3 a5 10. Nc3 b6 11. Nb5 Qd7 12. h4 h6 13. c3 Ba6 1/2-1/2

[Event "Gold Coast op"]
[Site "Gold Coast"]
[Date "2019.06.30"]
[Round "6"]
[White "Cheng, Bobby Sky"]
[Black "Zhao, Zong Yuan"]
[Result "1/2-1/2"]
[WhiteElo "2525"]
[BlackElo "2529"]
[PlyCount "38"]
[EventDate "2019.06.27"]
[EventType "swiss"]
[EventRounds "9"]
[EventCountry "AUS"]
[SourceTitle "CBM 191 Extra"]
[Source "ChessBase"]
[SourceDate "2019.09.30"]
[SourceVersion "1"]
[SourceVersionDate "2019.09.30"]
[SourceQuality "1"]

1. d4 Nf6 2. c4 g6 3. Nc3 Bg7 4. e4 d6 5. Be2 0-0 6. Be3 c5 7. d5 e6 8. Nf3 exd5 9. cxd5 Bg4 10. 0-0 Bxf3 11. Bxf3 Nbd7 12. Qc2 Re8 13. Rfe1 Qe7 14. h3 a6 15. a4 Rac8 16. a5 h5 17. Bf4 Nh7 18. Qd2 Be5 19. Be3 Bf6 1/2-1/2

[Event "Gold Coast op"]
[Site "Gold Coast"]
[Date "2019.06.29"]
[Round "4"]
[White "Zulfic, Fedja"]
[Black "Zhao, Zong Yuan"]
[Result "0-1"]
[WhiteElo "2160"]
[BlackElo "2529"]
[PlyCount "86"]
[EventDate "2019.06.27"]
[EventType "swiss"]
[EventRounds "9"]
[EventCountry "AUS"]
[SourceTitle "CBM 191 Extra"]
[Source "ChessBase"]
[SourceDate "2019.09.30"]
[SourceVersion "1"]
[SourceVersionDate "2019.09.30"]
[SourceQuality "1"]

1. d4 f5 2. e4 fxe4 3. Nc3 Nf6 4. Bg5 c6 5. Bxf6 exf6 6. Nxe4 d5 7. Ng3 Qe7+ 8. Qe2 Kf7 9. 0-0-0 Qxe2 10. Bxe2 g6 11. h4 h5 12. Bd3 Bh6+ 13. Kb1 Nd7 14. Rf1 Kg7 15. N3e2 Nb6 16. b3 Re8 17. Nh3 Nd7 18. Nef4 Nf8 19. c3 Bd7 20. a4 Re7 21. Kc2 Be8 22. Re1 Rc7 23. Re2 Bf7 24. Rhe1 g5 25. hxg5 fxg5 26. Ne6+ Nxe6 27. Rxe6 g4 28. Rxh6 Kxh6 29. Nf4 Re8 30. Rh1 Kg5 31. g3 Rce7 32. Kd2 Rh8 33. Rh4 Rh6 34. Kd1 Rf6 35. Rh2 Rxf4 36. gxf4+ Kxf4 37. a5 a6 38. Kd2 Re8 39. c4 Rh8 40. Kc3 h4 41. Bf1 h3 42. Kb4 Rh5 43. Be2 Bg6 0-1

[Event "Bangkok Cha Am op 19th"]
[Site "Bangkok"]
[Date "2019.04.06"]
[Round "1"]
[White "Zhao, Zong Yuan"]
[Black "Pheephacharakan, Pinatpong"]
[Result "1-0"]
[WhiteElo "2529"]
[BlackElo "1827"]
[PlyCount "81"]
[EventDate "2019.04.06"]
[EventType "swiss"]
[EventRounds "9"]
[EventCountry "THA"]
[SourceTitle "CBM 189 Extra"]
[Source "ChessBase"]
[SourceDate "2019.06.03"]
[SourceVersion "1"]
[SourceVersionDate "2019.06.03"]
[SourceQuality "1"]

1. d4 Nf6 2. c4 e6 3. Nc3 Bb4 4. Nf3 0-0 5. Bg5 d5 6. e3 h6 7. Bh4 Nbd7 8. cxd5 exd5 9. Be2 c6 10. 0-0 Re8 11. a3 Bd6 12. b4 Nf8 13. b5 Ng6 14. Bg3 Bxg3 15. hxg3 cxb5 16. Bxb5 Bd7 17. Bd3 Qa5 18. Qb3 Ne7 19. Ne5 Be6 20. Rfc1 a6 21. Qxb7 Ng4 22. Nxg4 Bxg4 23. Qb4 Qd8 24. a4 h5 25. a5 Nf5 26. Bxf5 Bxf5 27. Qb6 Qd7 28. Ne2 Bg4 29. Nf4 g5 30. Nd3 Qf5 31. Ne5 Be2 32. Rc7 Re6 33. Qb2 Bb5 34. Rxf7 Qxf7 35. Nxf7 Kxf7 36. Rc1 Rae8 37. Qb1 Kf6 38. Qh7 Bc4 39. Qh6+ Kf5 40. Qxh5 Rb8 41. Qf7+ 1-0

[Event "Begonia op 53rd"]
[Site "Ballarat"]
[Date "2019.03.11"]
[Round "6"]
[White "Ly, Moulthun"]
[Black "Zhao, Zong Yuan"]
[Result "1-0"]
[WhiteElo "2486"]
[BlackElo "2532"]
[PlyCount "53"]
[EventDate "2019.03.09"]
[EventType "swiss"]
[EventRounds "7"]
[EventCountry "AUS"]
[SourceTitle "CBM 189 Extra"]
[Source "ChessBase"]
[SourceDate "2019.06.03"]
[SourceVersion "1"]
[SourceVersionDate "2019.06.03"]
[SourceQuality "1"]

1. e4 c5 2. Nf3 Nc6 3. Nc3 g6 4. d4 cxd4 5. Nxd4 Bg7 6. Be3 Nf6 7. Bc4 0-0 8. Bb3 d6 9. h3 Na5 10. 0-0 b6 11. Re1 Bb7 12. Bg5 Re8 13. Ba4 Nd7 14. Nd5 Nc4 15. Rb1 Rc8 16. c3 h6 17. Bh4 g5 18. Bg3 e6 19. Ne3 Nce5 20. Nb5 Bxe4 21. Nxd6 Bxb1 22. Nxe8 Bg6 23. Nxg7 Kxg7 24. Qd4 f6 25. Rd1 Be8 26. Bxe5 fxe5 27. Qd6 1-0

[Event "Olympiad-43"]
[Site "Batumi"]
[Date "2018.10.02"]
[Round "8.2"]
[White "Ladva, Ottomar"]
[Black "Zhao, Zong Yuan"]
[Result "1/2-1/2"]
[WhiteElo "2500"]
[BlackElo "2523"]
[PlyCount "98"]
[EventDate "2018.09.24"]
[EventType "team-swiss"]
[EventRounds "11"]
[EventCountry "GEO"]
[SourceTitle "CBM 187"]
[Source "ChessBase"]
[SourceDate "2018.12.11"]
[SourceVersion "1"]
[SourceVersionDate "2018.12.11"]
[SourceQuality "1"]
[WhiteTeam "Estonia"]
[BlackTeam "Australia"]
[WhiteTeamCountry "EST"]
[BlackTeamCountry "AUS"]

1. Nf3 c5 2. c4 Nf6 3. Nc3 Nc6 4. e3 e6 5. d4 d5 6. cxd5 exd5 7. Bb5 cxd4 8. Nxd4 Bd7 9. 0-0 Bd6 10. Be2 0-0 11. b3 Nxd4 12. Qxd4 Qc7 13. f4 Bc5 14. Qd3 Qb6 15. Kh1 d4 16. exd4 Bxd4 17. Bb2 Bc5 18. Qg3 Bc6 19. Bf3 Rfe8 20. Rac1 Bf8 21. Bxc6 Qxc6 22. Na4 Ne4 23. Qe3 Qh6 24. Bd4 Bb4 25. f5 Qxe3 26. Bxe3 b5 27. Nc5 Nc3 28. Bf2 Nxa2 29. Rc2 Rac8 30. Rxa2 Bxc5 31. Bxc5 Rxc5 32. h3 Re7 33. f6 gxf6 34. Rxf6 Rc3 35. b4 Rc4 36. Rb2 Kg7 37. Ra6 Ree4 38. Rxa7 Rxb4 39. Rd2 Rbd4 40. Rc2 b4 41. Rb7 h5 42. g3 Re6 43. Kh2 Red6 44. Rg2 Kg6 45. h4 f6 46. Rb5 R6d5 47. Rb6 Rd6 48. Rb5 R6d5 49. Rb6 Rd6 1/2-1/2